000 00478nam a2200181Ia 4500
001 5253
005 20260306145854.0
008 260306t2013||||xx |||||||||||||| ||spa||
041 _aESP
082 _a338.4791
_bO65
100 _aZanabria Alarcón, Ulrich
_eAUT
245 0 _aGuía de biodiversidad y ecoturismo en la franja marino costera de Arequipa
260 _c2013
300 _a246 páginas :
_c20 cm.
650 _aGEN
654 _aCAN
942 _cLIB
_dJUS
_fJUS
_2ddc
_n
999 _c5253
_d5253